[Event "Gold-Cup 2011"]
[Site "Meran"]
[Date "2011.05.07"]
[Round "8.4"]
[White "Segelken, Peter"]
[Black "Van den Berg, Cees"]
[Result "1/2-1/2"]
[WhiteElo "1861"]
[BlackElo "1987"]
[PlyCount "57"]
[EventDate "2011.??.??"]

1. e4 c5 2. Nf3 d6 3. Be2 Nc6 4. O-O Nf6 5. d3 g6 6. c4 Bg7 7. Nc3 O-O 8. h3
Bd7 9. Be3 a6 10. Rb1 Ne8 11. Qd2 Nd4 12. Bh6 Nxe2+ 13. Nxe2 b5 14. b3 Ra7 15.
d4 b4 16. Bxg7 Kxg7 17. dxc5 dxc5 18. Ne5 Nf6 19. f3 Qb8 20. Qb2 Kg8 21. Rbd1
Qb6 22. Rd3 a5 23. Rfd1 Be6 24. Nf4 a4 25. Nxe6 Qxe6 26. Rd8 axb3 27. axb3 Ra8
28. Rxf8+ Kxf8 29. Ng4 1/2-1/2

[Event "Gold-Cup 2011"]
[Site "Meran"]
[Date "2011.05.07"]
[Round "8.7"]
[White "Bauer, Dieter"]
[Black "Graf, Joachim"]
[Result "1/2-1/2"]
[WhiteElo "1816"]
[BlackElo "2103"]
[PlyCount "64"]
[EventDate "2011.??.??"]

1. e4 c5 2. Nf3 Nc6 3. d4 cxd4 4. Nxd4 Nf6 5. Nc3 e5 6. Ndb5 d6 7. Bg5 a6 8.
Na3 Be6 9. Nc4 Rc8 10. Ne3 Be7 11. Bxf6 Bxf6 12. h4 Bxh4 13. Ned5 Bg5 14. Ne2
Bxd5 15. exd5 Ne7 16. Qd3 Qa5+ 17. Nc3 Nxd5 18. Qxd5 Qxd5 19. Nxd5 Rxc2 20. Ne3
Bxe3 21. fxe3 Rxb2 22. a4 Kd7 23. Rh5 h6 24. Rxe5 dxe5 25. O-O-O+ Kc6 26. Kxb2
f5 27. g3 Re8 28. Bg2+ e4 29. Rc1+ Kb6 30. Rd1 Kc6 31. Rc1+ Kb6 32. Rd1 Kc6
1/2-1/2

[Event "Gold-Cup 2011"]
[Site "Meran"]
[Date "2011.05.07"]
[Round "8.10"]
[White "Marek, Herbert"]
[Black "Meul, Willi"]
[Result "1-0"]
[WhiteElo "1919"]
[BlackElo "1911"]
[PlyCount "79"]
[EventDate "2011.??.??"]

1. d4 Nf6 2. c4 g6 3. Nc3 d5 4. e3 Bg7 5. Bd3 b6 6. Nf3 Bb7 7. O-O O-O 8. Re1
Nbd7 9. e4 dxe4 10. Nxe4 Bxe4 11. Bxe4 Nxe4 12. Rxe4 Nf6 13. Rh4 c5 14. Be3
cxd4 15. Bxd4 Rc8 16. Rc1 Qd6 17. Qe2 Rfd8 18. b3 Nh5 19. Bxg7 Kxg7 20. Re1 e6
21. Qb2+ Kg8 22. Qc1 Qf8 23. Qg5 h6 24. Qe3 Kh7 25. g4 Nf6 26. g5 Ng8 27. gxh6
Rc5 28. Ng5+ Kh8 29. Qc3+ e5 30. Rxe5 Rxe5 31. Qxe5+ f6 32. Qa1 Re8 33. Nf3
Nxh6 34. Rh3 Kg7 35. Ng5 Nf5 36. Rh7+ Kg8 37. Rf7 Qd6 38. Rxf6 Re1+ 39. Qxe1
Qxf6 40. Qe6+ 1-0

[Event "Gold-Cup 2011"]
[Site "Meran"]
[Date "2011.05.08"]
[Round "9.2"]
[White "Gerhards, Walter"]
[Black "Opitz, Christian"]
[Result "0-1"]
[WhiteElo "1993"]
[BlackElo "2007"]
[PlyCount "142"]
[EventDate "2011.??.??"]

1. e4 e5 2. Nf3 Nc6 3. Bb5 a6 4. Ba4 Nf6 5. O-O Be7 6. Re1 b5 7. Bb3 d6 8. c3
O-O 9. h3 Na5 10. Bc2 c5 11. d4 Qc7 12. Nbd2 Bd7 13. Nf1 Rac8 14. d5 c4 15.
N3h2 Ne8 16. Ng3 Nb7 17. Qh5 Nf6 18. Qf3 Nc5 19. Nf5 Bxf5 20. Qxf5 Qd7 21. Qf3
Qd8 22. Nf1 Ne8 23. Ng3 Bg5 24. Qf5 Bxc1 25. Raxc1 g6 26. Qg4 Ng7 27. f4 exf4
28. Qxf4 Qb6 29. Qf2 Nd7 30. Qxb6 Nxb6 31. Ne2 Nd7 32. Nd4 Ne5 33. Rf1 Rb8 34.
Rcd1 Rfc8 35. a3 a5 36. Kh2 b4 37. g4 Ne8 38. Kg3 Kg7 39. g5 h6 40. h4 hxg5 41.
hxg5 f6 42. Ne6+ Kf7 43. Ba4 bxc3 44. bxc3 Rb3 45. Rc1 Rxa3 46. Bxe8+ Kxe8 47.
Rxf6 Ke7 48. Rcf1 Rxc3+ 49. Kg2 Rc2+ 50. Kg1 Rh8 51. Nd4 Rch2 52. Nc6+ Nxc6 53.
Re6+ Kd7 54. Rf7+ Kc8 55. dxc6 R2h7 56. Rxh7 Rxh7 57. Rxd6 Rh5 58. Rd5 c3 59.
Rc5 a4 60. Rxc3 Rxg5+ 61. Kf2 Ra5 62. Ke3 a3 63. Rc1 a2 64. Ra1 Kc7 65. Kf4
Kxc6 66. e5 Kd7 67. Kg5 Rxe5+ 68. Kxg6 Ra5 69. Kf6 Kd6 70. Kg6 Kc5 71. Kf5 Kd4+
0-1

[Event "Gold-Cup 2011"]
[Site "Meran"]
[Date "2011.05.08"]
[Round "9.3"]
[White "Reinke, Kurt"]
[Black "Bondick, Karl-Heinz"]
[Result "0-1"]
[WhiteElo "1940"]
[BlackElo "2155"]
[PlyCount "76"]
[EventDate "2011.??.??"]

1. d3 d5 2. g3 e5 3. Bg2 f5 4. Nf3 Nd7 5. b3 Bd6 6. Bb2 Ngf6 7. c4 d4 8. Ba3 c5
9. O-O O-O 10. Bc1 Nb8 11. Na3 a6 12. Bd2 Nc6 13. Nc2 Qe7 14. Rb1 Bd7 15. a3
Rab8 16. Ng5 e4 17. Nh3 b5 18. Bf4 bxc4 19. dxc4 a5 20. Qd2 Be6 21. Bxd6 Qxd6
22. Nf4 Bf7 23. Ne3 Qe5 24. Ned5 Bxd5 25. cxd5 Nxd5 26. Rbc1 Nc3 27. Qc2 Rb6
28. e3 Rfb8 29. exd4 cxd4 30. b4 axb4 31. Qb3+ Kh8 32. Rc2 Na5 33. Qf7 bxa3 34.
Bh3 Rf6 35. Qd7 g6 36. Re1 a2 37. Nd3 Qd6 38. Qa7 Nc6 0-1

[Event "Gold-Cup 2011"]
[Site "Meran"]
[Date "2011.05.08"]
[Round "9.6"]
[White "Graf, Joachim"]
[Black "Marek, Herbert"]
[Result "1-0"]
[WhiteElo "2103"]
[BlackElo "1919"]
[PlyCount "65"]
[EventDate "2011.??.??"]

1. d4 d5 2. Nf3 Nf6 3. e3 e6 4. c4 c6 5. Nbd2 a6 6. Bd3 dxc4 7. Nxc4 Nbd7 8.
O-O b5 9. Nce5 Bb7 10. Qe2 Be7 11. Rd1 Qb6 12. b3 O-O 13. Bb2 h6 14. Rac1 Rac8
15. Bb1 Rfd8 16. Nxd7 Rxd7 17. Ne5 Rdc7 18. Qd3 Rd8 19. Ng4 c5 20. Nxf6+ Bxf6
21. Qh7+ Kf8 22. dxc5 Rxd1+ 23. Rxd1 Rxc5 24. Qh8+ Ke7 25. Ba3 Bd5 26. Bxc5+
Qxc5 27. e4 Bd4 28. exd5 Qxd5 29. Rf1 Qe5 30. Qa8 Bxf2+ 31. Rxf2 Qe1+ 32. Rf1
Qe5 33. Kh1 1-0

[Event "Gold-Cup 2011"]
[Site "Meran"]
[Date "2011.05.08"]
[Round "9.9"]
[White "Kumeth, Hartmut"]
[Black "Bauer, Dieter"]
[Result "1-0"]
[WhiteElo "1825"]
[BlackElo "1816"]
[PlyCount "67"]
[EventDate "2011.??.??"]

1. a3 c5 2. e4 e6 3. Nf3 d6 4. b4 b6 5. Bb2 Bb7 6. Bb5+ Nd7 7. d3 a6 8. Bxd7+
Qxd7 9. Nbd2 Nf6 10. Nc4 Qc7 11. e5 dxe5 12. Bxe5 Qd8 13. Rb1 cxb4 14. axb4 Be7
15. Ne3 O-O 16. O-O Rc8 17. c4 Nd7 18. Bg3 f5 19. Nd4 Rf6 20. f4 Rg6 21. Nf3
Qf8 22. Qe2 Bxb4 23. d4 Be7 24. Qa2 Kh8 25. d5 Bc5 26. Bf2 Nf6 27. Ne5 Ne4 28.
Nxg6+ hxg6 29. Rb3 Nxf2 30. Rxf2 exd5 31. Kf1 dxc4 32. Nxc4 Bxf2 33. Rh3+ Kg8
34. Ne5+ 1-0

[Event "Gold-Cup 2011"]
[Site "Meran"]
[Date "2011.05.08"]
[Round "9.11"]
[White "Schulz, Hermann"]
[Black "Goldie, Thomas"]
[Result "1/2-1/2"]
[WhiteElo "1811"]
[BlackElo "1486"]
[PlyCount "33"]
[EventDate "2011.??.??"]

1. e4 c5 2. Nf3 d6 3. d4 cxd4 4. Nxd4 Nf6 5. Nc3 g6 6. Be3 Bg7 7. Be2 O-O 8.
O-O Nc6 9. Qd2 Re8 10. Rad1 Bd7 11. f4 Ng4 12. Bxg4 Bxg4 13. Nf3 a6 14. h3 Bxf3
15. Rxf3 Na5 16. b3 Nc6 17. Nd5 1/2-1/2

[Event "Gold-Cup 2011"]
[Site "Meran"]
[Date "2011.05.08"]
[Round "9.14"]
[White "Schencke, Günther"]
[Black "Weber, Gerhard"]
[Result "1-0"]
[WhiteElo "1857"]
[BlackElo "1907"]
[PlyCount "33"]
[EventDate "2011.??.??"]

1. d4 Nf6 2. Nf3 g6 3. Nc3 Bg7 4. e4 d6 5. Be3 O-O 6. Qd2 Nbd7 7. Bh6 e5 8.
Bxg7 Kxg7 9. dxe5 dxe5 10. O-O-O c6 11. Nxe5 Qe7 12. Nxd7 Bxd7 13. f3 Be6 14.
Qd6 Qxd6 15. Rxd6 Ne8 16. Rd2 a5 17. a4 1-0